书目信息 |
| 题名: |
教师必备的心理素养
|
|
| 作者: | 刘素梅 主编 | |
| 分册: | ||
| 出版信息: | 长春 东北师范大学出版社 2010 |
|
| 页数: | 248页 | |
| 开本: | 22cm | |
| 丛书名: | 恩歌贝尔教育 | |
| 单 册: | ||
| 中图分类: | G443 | |
| 科图分类: | ||
| 主题词: | 中小学--教师心理学 | |
| 电子资源: | ||
| ISBN: | 978-7-5602-6464-6 | |
| 000 | 00879oam2 2200265 45 | |
| 001 | 1133528438 | |
| 005 | 20110414094246.12 | |
| 010 | @a978-7-5602-6464-6@dCNY28.00 | |
| 100 | @a20110406d2010 em y0chiy0120 ea | |
| 101 | 0 | @achi |
| 102 | @aCN@b220000 | |
| 105 | @ay z 000yy | |
| 106 | @ar | |
| 200 | 1 | @a教师必备的心理素养@AJiao Shi Bi Bei De Xin Li Su Yang@f刘素梅主编@FLiu Su Mei Zhu Bian |
| 210 | @a长春@c东北师范大学出版社@d2010 | |
| 215 | @a248页@d22cm | |
| 225 | 2 | @a恩歌贝尔教育 |
| 300 | @a教师用书 | |
| 330 | @a全书主要阐述教师心理素养总论、强化教师心理健康的意识、提高教师情绪调控的效率、提升教师人格塑造的能力、增强教师心理问题的自我调适能力共五章内容。 | |
| 461 | 0 | @12001 @a恩歌贝尔教育 |
| 606 | 0 | @a中小学@x教师心理学 |
| 690 | @aG443@v4 | |
| 701 | 0 | @a刘素梅@ALiu Su Mei@4主编 |
| 801 | 0 | @aCN@bTANGWEI@c20110414 |
| 905 | @b0534193-97@dG443@e193@f5 | |
| 教师必备的心理素养/刘素梅主编.-长春:东北师范大学出版社,2010 |
| 248页;22cm.-(恩歌贝尔教育) |
| 教师用书 |
| ISBN 978-7-5602-6464-6:CNY28.00 |
| 全书主要阐述教师心理素养总论、强化教师心理健康的意识、提高教师情绪调控的效率、提升教师人格塑造的能力、增强教师心理问题的自我调适能力共五章内容。 |
| ● |
| 相关链接 |
|
|
|
|
正题名:教师必备的心理素养
索取号:G443/193
 
预约/预借
| 序号 | 登录号 | 条形码 | 馆藏地/架位号 | 状态 | 备注 |
| 1 | 0534193 | 205341931 | 第一样本阅览室/ [索取号:G443/193] | 在馆 | |
| 2 | 0534194 | 205341940 | 第四借阅区/ [索取号:G443/193] | 在馆 | |
| 3 | 0534195 | 205341959 | 第四借阅区/ [索取号:G443/193] | 在馆 | |
| 4 | 0534196 | 205341968 | 第四借阅区/ [索取号:G443/193] | 在馆 | |
| 5 | 0534197 | 205341977 | 教育系资料室/ [索取号:G443/193] | 在馆 |